Stati per esportazioni di Componenti automobilistici - Statistics

Statistiche generali
  • Questo quiz è stato fatto 30 volte
  • Il punteggio medio è 9 su 10
Statistiche sulle risposte
Esportazioni (miliardi $) Continente Nazione % Corretto
28,1 Asia Cina
100%
17,7 Europa Francia
100%
58,1 Europa Germania
100%
12,0 Europa Italia
100%
37,7 America del Nord Stati Uniti
100%
33,5 Asia Giappone
96%
27,7 America del Nord Messico
96%
20,1 Asia Corea del Sud
89%
11,9 Europa Polonia
79%
12,8 Europa Repubblica Ceca
57%
Nessun quiz corrispondente trovato
Distribuzione punteggi
Percentuale di utenti per punteggio
Percentile per numero di risposta
I tuoi punteggi nel tempo
Non hai fatto questo quiz